Statistics for Asian Geography By Letter - F

Click here to take the quiz!

General Stats

  • This quiz has been taken 3,759 times
    (3,563 since last reset)
  • The average score is 11 of 20

Answer Stats

HintAnswer% Correct
Tallest mountain in JapanFuji
99%
Person from the PhilippinesFilipino
96%
What Diwali is in India{Festival} of Lights
88%
Country that once controlled
Indochina, Syria and Lebanon
France
88%
Former imperial Chinese palace{Forbidden} City
83%
The Maldivians eat more of this than
any other country per-capita
Fish
70%
Japanese prefecture that was site
of the 2011 nuclear disaster
Fukushima
65%
Middle Eastern ball of fried chick peasFalafel
63%
Bird beloved by the ultrarich in
the Middle East
Falcon
62%
Vegetation area in the Middle East{Fertile} Crescent
60%
Persian for "Persian"Farsi
59%
Colonial name of TaiwanFormosa
51%
Indonesian island whose name means
"flowers" in Portuguese
Flores
44%
Rafflesia is world's largest of theseFlower
36%
Biggest city that lies on KyushuFukuoka
35%
Third biggest city in PakistanFaisalabad
34%
City that was a major center for the
insurgency in the Iraq War
Fallujah
29%
Capital of Fujian, ChinaFuzhou
26%
Taiwanese company that makes
iPhones in China
{Fox}conn
24%
Spiritual and exercise movement
brutally suppressed by China
Falun Gong
23%

Score Distribution

Percentile by Number Answered

Percent of People with Each Score

Your Score History

You have not taken this quiz since the last reset